000 00206nam a2200085Ia 4500
008 170617s9999 xx 000 0 und d
100 _aChatwal
245 0 _aOrganic Chemistry of Natrul Products
260 _bHimalaya Pub
260 _c2008
999 _c15286
_d15286